[Event "Agzamov Memorial 17th"]
[Site "Tashkent"]
[Date "2024.04.01"]
[Round "8"]
[White "Megaranto, Susanto"]
[Black "Daneshvar, Bardiya"]
[Result "1/2-1/2"]
[WhiteElo "2504"]
[BlackElo "2597"]
[PlyCount "103"]
[EventDate "2024.03.27"]
[EventType "swiss"]
[EventRounds "10"]
[EventCountry "UZB"]
[SourceTitle "CB14_2024"]
[SourceDate "2024.04.01"]
[SourceVersion "1"]
[SourceVersionDate "2024.04.01"]
[SourceQuality "1"]

1. d4 Nf6 2. Bf4 g6 3. Nc3 d5 4. Nb5 Na6 5. e3 c6 6. Nc3 Nh5 7. Be5 f6 8. Bg3 Qb6 9. a3 e5 10. Na4 Qa5+ 11. Nc3 Qb6 12. Na4 Qd8 13. Bxa6 Qa5+ 14. Nc3 Qxa6 15. Bh4 exd4 16. Qxd4 Be7 17. Nge2 Qb6 18. 0-0-0 Qxd4 19. Nxd4 Kf7 20. f3 Bd7 21. Rhe1 Rad8 22. Nb3 Bc8 23. Kb1 Ng7 24. Bg3 b6 25. Bb8 Rd7 26. e4 Rb7 27. Bg3 dxe4 28. Nxe4 Nf5 29. Bd6 Kg7 30. g4 Nxd6 31. Nxd6 Bxd6 32. Rxd6 c5 33. Nd2 h5 34. h3 hxg4 35. hxg4 Rf7 36. b3 Bb7 37. Kb2 Rh3 38. Re3 Bc8 39. Re8 Bb7 40. Re3 Bc8 41. Rc3 Bb7 42. a4 g5 43. Re3 Bc8 44. Re8 Bb7 45. Rd3 Rc7 46. Rde3 Kf7 47. Rb8 Bc6 48. Rd3 Ke7 49. Re3+ Kf7 50. Rd3 Ke7 51. Rg8 Kf7 52. Rb8 1/2-1/2

[Event "Agzamov Memorial 17th"]
[Site "Tashkent"]
[Date "2024.03.28"]
[Round "3"]
[White "Daneshvar, Bardiya"]
[Black "Atabayev, Saparmyrat"]
[Result "1/2-1/2"]
[WhiteElo "2597"]
[BlackElo "2506"]
[PlyCount "184"]
[EventDate "2024.03.27"]
[EventType "swiss"]
[EventRounds "10"]
[EventCountry "UZB"]
[SourceTitle "CB14_2024"]
[SourceDate "2024.04.01"]
[SourceVersion "1"]
[SourceVersionDate "2024.04.01"]
[SourceQuality "1"]

1. Nf3 Nf6 2. g3 d5 3. Bg2 g6 4. c4 c6 5. b3 Bg7 6. Bb2 0-0 7. 0-0 a5 8. Nc3 Ne4 9. Na4 Bxb2 10. Nxb2 Nd7 11. Rc1 dxc4 12. Nxc4 Nd6 13. d4 a4 14. b4 Nxc4 15. Rxc4 Nf6 16. a3 Be6 17. Rc1 Qd6 18. e3 Bd5 19. Ne5 Bxg2 20. Kxg2 Qd5+ 21. Qf3 Ne4 22. Nd7 Qxd7 23. Qxe4 e6 24. Rc5 Rfd8 25. Rfc1 Qe7 26. h4 h5 27. R1c3 Rd6 28. Qe5 Rad8 29. Qg5 Qxg5 30. hxg5 Rd5 31. f4 f6 32. gxf6 Kf7 33. Ra5 Rxa5 34. bxa5 Ra8 35. Rc5 Kxf6 36. Kf3 Ra6 37. g4 hxg4+ 38. Kxg4 b5 39. axb6 Rxb6 40. e4 Rb3 41. Rxc6 Ke7 42. e5 Rxa3 43. Ra6 Rd3 44. Rxa4 Kf7 45. Ra7+ Kf8 46. Rd7 Ke8 47. Rg7 Rxd4 48. Kg5 Kf8 49. Rxg6 Kf7 50. Rf6+ Ke7 51. Kg6 Re4 52. Rf7+ Ke8 53. Kg7 Rb4 54. Rf8+ Ke7 55. Rf6 Ra4 56. Rf7+ Ke8 57. Rf8+ Ke7 58. Rf7+ Ke8 59. Rf6 Ke7 60. Kh6 Ra1 61. Rg6 Rh1+ 62. Kg7 Rh4 63. Rf6 Rg4+ 64. Kh6 Rg1 65. Kh5 Rg2 66. Kh4 Rg1 67. Kh3 Rh1+ 68. Kg2 Rh4 69. Kf3 Rh3+ 70. Ke4 Ra3 71. Rh6 Ra4+ 72. Kf3 Ra1 73. Rh7+ Ke8 74. Kg2 Rb1 75. Rh1 Rb3 76. Rh3 Rb1 77. Kf3 Kf7 78. Kg4 Rg1+ 79. Rg3 Rh1 80. Rg2 Kg6 81. Kf3+ Kf7 82. Ra2 Rb1 83. Ra7+ Ke8 84. Ke4 Rb4+ 85. Ke3 Rc4 86. Kf3 Rc1 87. Kg4 Rg1+ 88. Kh5 Kf8 89. Ra2 Kf7 90. Ra3 Rh1+ 91. Kg4 Rg1+ 92. Kf3 Rb1 1/2-1/2

[Event "Moscow Aeroflot op-A"]
[Site "Moscow"]
[Date "2024.03.06"]
[Round "8"]
[White "Nogerbek, Kazybek"]
[Black "Daneshvar, Bardiya"]
[Result "1/2-1/2"]
[WhiteElo "2480"]
[BlackElo "2597"]
[PlyCount "132"]
[EventDate "2024.03.03"]
[EventType "swiss"]
[EventRounds "9"]
[EventCountry "RUS"]
[SourceTitle "CB11_2024"]
[SourceDate "2024.03.13"]
[SourceVersion "1"]
[SourceVersionDate "2024.03.13"]
[SourceQuality "1"]

1. d4 Nf6 2. c4 e6 3. Nf3 b6 4. a3 Bb7 5. Nc3 d5 6. cxd5 Nxd5 7. Qc2 Be7 8. e4 Nxc3 9. bxc3 0-0 10. Bd3 c5 11. 0-0 Qc7 12. Qe2 Rd8 13. Rd1 h6 14. g3 Nc6 15. Bf4 Bd6 16. Bxd6 Qxd6 17. Ba6 Rab8 18. Bxb7 Rxb7 19. Qb5 Rbd7 20. Rd2 cxd4 21. cxd4 Na5 22. Rc2 Rc7 23. Rxc7 Qxc7 24. Rd1 Qc2 25. Qd3 Qxd3 26. Rxd3 Nc4 27. Rc3 Nd6 28. Rc7 a5 29. Rc6 b5 30. Nd2 Ne8 31. Nb3 a4 32. Nc5 Rxd4 33. Rc8 Kf8 34. Rb8 e5 35. f3 Rd1+ 36. Kg2 Rd2+ 37. Kh3 Ra2 38. Rxb5 Rxa3 39. Nd7+ Ke7 40. Nxe5 Rc3 41. Ra5 a3 42. Ra7+ Nc7 43. f4 f6 44. Nf3 Kd6 45. Nd4 g6 46. Ra5 Kd7 47. Ra7 Kc8 48. e5 fxe5 49. fxe5 Kb8 50. Ra4 Kb7 51. e6 Kc8 52. Ra7 Kd8 53. Ne2 Rc2 54. Nd4 Rc4 55. Nf3 Rc3 56. Nd4 Rc4 57. Nf3 Rc3 58. Nd4 h5 59. Ne2 Rc2 60. Nf4 a2 61. e7+ Ke8 62. Nxg6 Rc6 63. Rxa2 Rxg6 64. Ra5 Kxe7 65. Rxh5 Ne6 66. Rf5 Rh6+ 1/2-1/2

[Event "Chessable Masters Div 3 Lose"]
[Site "Chess.com INT"]
[Date "2024.02.02"]
[Round "1.2"]
[White "Demchenko, Anton"]
[Black "Daneshvar, Bardiya"]
[Result "1/2-1/2"]
[WhiteElo "2609"]
[BlackElo "2597"]
[PlyCount "102"]
[EventDate "2024.02.02"]
[EventType "k.o. (rapid)"]
[EventRounds "8"]
[EventCountry "USA"]
[SourceTitle "CB06_2024"]
[SourceDate "2024.02.07"]
[SourceVersion "1"]
[SourceVersionDate "2024.02.07"]
[SourceQuality "1"]

1. e4 c5 2. Nf3 d6 3. d4 cxd4 4. Qxd4 Nf6 5. Bg5 e6 6. Nc3 a6 7. 0-0-0 Nc6 8. Qd2 h6 9. Bh4 Be7 10. Bxf6 Bxf6 11. Qxd6 Qxd6 12. Rxd6 Ke7 13. Rd2 g5 14. h3 h5 15. Na4 b5 16. Nb6 Rb8 17. Nxc8+ Rbxc8 18. Kb1 g4 19. Ne1 Ne5 20. Be2 Rcg8 21. c3 Bh4 22. g3 Bg5 23. Rd1 h4 24. hxg4 hxg3 25. Rxh8 Rxh8 26. fxg3 Rh2 27. Nf3 Rxe2 28. Nxe5 Rxe4 29. Nc6+ Kf8 30. Rd7 Re1+ 31. Kc2 Re2+ 32. Kb1 Rg2 33. Rd3 Rg1+ 34. Kc2 Rg2+ 35. Kb1 f6 36. Nd4 Kf7 37. Nf3 Bh6 38. g5 Bxg5 39. Nxg5+ fxg5 40. b3 e5 41. c4 bxc4 42. bxc4 e4 43. Re3 Kf6 44. Rxe4 Rxg3 45. Kb2 Kf5 46. Re8 g4 47. c5 Rh3 48. Rf8+ Ke6 49. Rg8 Kd5 50. Rxg4 Kxc5 51. Rg5+ Kb6 1/2-1/2

[Event "Chessable Masters Play In"]
[Site "Chess.com INT"]
[Date "2024.01.31"]
[Round "5"]
[White "Daneshvar, Bardiya"]
[Black "Xiong, Jeffery"]
[Result "1/2-1/2"]
[WhiteElo "2597"]
[BlackElo "2659"]
[PlyCount "54"]
[EventDate "2024.01.31"]
[EventType "swiss (rapid)"]
[EventRounds "9"]
[EventCountry "USA"]
[SourceTitle "CB06_2024"]
[SourceDate "2024.02.07"]
[SourceVersion "1"]
[SourceVersionDate "2024.02.07"]
[SourceQuality "1"]

1. Nf3 c5 2. c4 Nf6 3. Nc3 d5 4. cxd5 Nxd5 5. e3 e6 6. Nxd5 exd5 7. Bb5+ Bd7 8. Bxd7+ Qxd7 9. 0-0 Nc6 10. b3 Be7 11. Bb2 0-0 12. d4 Bf6 13. Ba3 Nb4 14. Rc1 Rfc8 15. Qd2 a5 16. dxc5 Qb5 17. Nd4 Bxd4 18. Qxd4 Nxa2 19. Bb2 f6 20. Qxd5+ Kh8 21. Rcd1 a4 22. Qd7 Qxb3 23. Rb1 Rd8 24. Qe7 Re8 25. Qd7 Red8 26. Qe7 Re8 27. Qd7 Red8 1/2-1/2

[Event "Titled Tuesday intern op 09th Jan Early"]
[Site "Chess.com INT"]
[Date "2024.01.09"]
[Round "4"]
[White "Onischuk, Vladimir"]
[Black "Daneshvar, Bardiya"]
[Result "1-0"]
[WhiteElo "2619"]
[BlackElo "2597"]
[PlyCount "85"]
[EventDate "2024.01.09"]
[EventType "swiss (blitz)"]
[EventRounds "11"]
[EventCountry "USA"]
[SourceTitle "CB03_2024"]
[SourceDate "2024.01.17"]
[SourceVersion "1"]
[SourceVersionDate "2024.01.17"]
[SourceQuality "1"]

1. e4 c6 2. d4 Na6 3. Nc3 Nc7 4. Nf3 g6 5. h3 Bg7 6. Bd3 d6 7. 0-0 e5 8. Bg5 f6 9. Be3 Ne7 10. Bc4 Be6 11. Bb3 0-0 12. dxe5 dxe5 13. Qxd8 Rfxd8 14. Rfd1 b6 15. Ne1 Kf7 16. Kf1 Bxb3 17. axb3 Rxd1 18. Rxd1 Ke6 19. Ra1 Nc8 20. Nd3 Nd6 21. Nb4 Kd7 22. f3 a5 23. Nd3 c5 24. Ke2 Kc6 25. Nf2 c4 26. Rd1 b5 27. Nd5 Nxd5 28. Rxd5 cxb3 29. cxb3 Nb7 30. Rd1 Rc8 31. h4 Bf8 32. Nd3 Ra8 33. h5 a4 34. bxa4 Rxa4 35. hxg6 hxg6 36. Rh1 Bc5 37. Rh6 Bxe3 38. Kxe3 Nc5 39. Rxg6 Nd7 40. g4 Kc7 41. Rg7 Rc4 42. g5 fxg5 43. Nxe5 1-0

[Event "Titled Tuesday intern op 09th Jan Early"]
[Site "Chess.com INT"]
[Date "2024.01.09"]
[Round "2"]
[White "Zhu, Jiner"]
[Black "Daneshvar, Bardiya"]
[Result "0-1"]
[WhiteElo "2467"]
[BlackElo "2597"]
[PlyCount "92"]
[EventDate "2024.01.09"]
[EventType "swiss (blitz)"]
[EventRounds "11"]
[EventCountry "USA"]
[SourceTitle "CB03_2024"]
[SourceDate "2024.01.17"]
[SourceVersion "1"]
[SourceVersionDate "2024.01.17"]
[SourceQuality "1"]

1. e4 c6 2. d4 Na6 3. Nc3 Nc7 4. Be3 d5 5. e5 h5 6. Bd3 g6 7. f4 Nh6 8. Nf3 Bf5 9. Be2 Bg4 10. h3 Bxf3 11. Bxf3 Nf5 12. Bf2 h4 13. Ne2 e6 14. 0-0 Be7 15. c3 b6 16. b4 a5 17. a3 Qc8 18. Qd3 Qa6 19. Qxa6 Rxa6 20. Rfb1 Kd7 21. bxa5 bxa5 22. a4 Raa8 23. Rb7 Rhb8 24. Rab1 Rxb7 25. Rxb7 Kc8 26. Rb1 Ra6 27. Nc1 Na8 28. Be2 Rb6 29. Rb3 Ba3 30. Rxa3 Rb1 31. Rb3 Rxc1+ 32. Kh2 Rc2 33. Ba6+ Kd7 34. Be1 Ne3 35. Rb7+ Nc7 36. c4 Kc8 37. Rb3+ Nxa6 38. Rxe3 Rxc4 39. Bxa5 Rxd4 40. Rf3 Rxa4 41. Be1 d4 42. Bxh4 c5 43. Bf2 Ra2 44. h4 Nb4 45. Kh3 Rc2 46. g4 d3 0-1

[Event "Wch Blitz"]
[Site "Samarkand"]
[Date "2023.12.30"]
[Round "20"]
[White "Daneshvar, Bardiya"]
[Black "Nihal, Sarin"]
[Result "1-0"]
[WhiteElo "2591"]
[BlackElo "2688"]
[PlyCount "111"]
[EventDate "2023.12.29"]
[EventType "swiss (blitz)"]
[EventRounds "21"]
[EventCountry "UZB"]
[SourceTitle "CB01_2024"]
[SourceDate "2024.01.03"]
[SourceVersion "1"]
[SourceVersionDate "2024.01.03"]
[SourceQuality "1"]

1. Nf3 d5 2. g3 Nd7 3. d4 Nb6 4. Nc3 Bf5 5. Nh4 Bg4 6. h3 Bh5 7. g4 e6 8. Ng2 Bg6 9. Nf4 Bd6 10. Nxg6 hxg6 11. Bg2 Bb4 12. Qd3 Nf6 13. Qb5+ Nfd7 14. Qxb4 a5 15. Qb5 Nc4 16. Qb3 0-0 17. e3 c5 18. Ne2 b5 19. Qd3 Rc8 20. b3 Nd6 21. 0-0 Qh4 22. c3 g5 23. Ng3 b4 24. cxb4 c4 25. bxc4 dxc4 26. Qa3 Nb5 27. Qxa5 Nc3 28. Qa3 Nd5 29. e4 Nf4 30. Bxf4 gxf4 31. Ne2 e5 32. dxe5 Qg5 33. Qf3 Nxe5 34. Qxf4 Qe7 35. Nc3 Nd3 36. Nd5 Qb7 37. Qg3 Rfe8 38. g5 Re6 39. Rad1 Qa7 40. Rd2 g6 41. Qh4 Qd4 42. Nf6+ Rxf6 43. gxf6 Rc6 44. Rfd1 Rxf6 45. Rxd3 cxd3 46. Rxd3 Qa1+ 47. Bf1 Kg7 48. Qg3 Qxa2 49. Rf3 Rb6 50. Qe5+ Kg8 51. Qd4 Rb7 52. Qd5 Qa7 53. Qd8+ Kh7 54. Bc4 g5 55. Qf6 Rxb4 56. Qxf7+ 1-0

[Event "Wch Blitz"]
[Site "Samarkand"]
[Date "2023.12.29"]
[Round "4"]
[White "Akhmedov, David"]
[Black "Daneshvar, Bardiya"]
[Result "1-0"]
[WhiteElo "2244"]
[BlackElo "2591"]
[PlyCount "91"]
[EventDate "2023.12.29"]
[EventType "swiss (blitz)"]
[EventRounds "21"]
[EventCountry "UZB"]
[SourceTitle "CB01_2024"]
[SourceDate "2024.01.03"]
[SourceVersion "1"]
[SourceVersionDate "2024.01.03"]
[SourceQuality "1"]

1. e4 c5 2. Nf3 e6 3. d3 Nc6 4. g3 d5 5. Nbd2 Nf6 6. Bg2 Be7 7. 0-0 0-0 8. e5 Nd7 9. Re1 b5 10. Nf1 a5 11. h4 a4 12. Bf4 b4 13. Qc1 Qe8 14. N1h2 a3 15. b3 f6 16. exf6 Nxf6 17. Ng5 Nd4 18. Be5 Ra6 19. Qd2 Nf5 20. Re2 h6 21. Ngf3 Nd7 22. Rae1 Nxe5 23. Nxe5 Nd4 24. Re3 Bf6 25. Nhg4 Ra7 26. Nxf6+ gxf6 27. Nf3 Nb5 28. d4 Nc3 29. Rxc3 bxc3 30. Qxh6 e5 31. dxe5 Bf5 32. exf6 Qg6 33. Qxg6+ Bxg6 34. Ne5 Bxc2 35. Bxd5+ Kh7 36. Rc1 Bf5 37. Rxc3 Rxf6 38. Rxc5 Rb6 39. Nc4 Rb8 40. Nd2 Rd8 41. Nc4 Bb1 42. h5 Bxa2 43. Be4+ Kh8 44. Ne5 Bxb3 45. Ng6+ Kg7 46. h6+ 1-0

[Event "Wch Rapid"]
[Site "Samarkand"]
[Date "2023.12.26"]
[Round "3"]
[White "Daneshvar, Bardiya"]
[Black "Erigaisi, Arjun Kumar"]
[Result "0-1"]
[WhiteElo "2591"]
[BlackElo "2727"]
[PlyCount "74"]
[EventDate "2023.12.26"]
[EventType "swiss (rapid)"]
[EventRounds "13"]
[EventCountry "UZB"]
[SourceTitle "CB01_2024"]
[SourceDate "2024.01.03"]
[SourceVersion "1"]
[SourceVersionDate "2024.01.03"]
[SourceQuality "1"]

1. Nf3 Nf6 2. c4 e6 3. g3 d5 4. Bg2 d4 5. 0-0 Nc6 6. d3 Bc5 7. Nbd2 0-0 8. Nb3 Be7 9. e3 dxe3 10. Bxe3 Ng4 11. Bc1 a5 12. h3 Nge5 13. Nxe5 Nxe5 14. Qe2 Nc6 15. a4 e5 16. Be3 Bf5 17. Rfd1 Re8 18. g4 Bg6 19. Be4 Ra6 20. Nd2 Bh4 21. Bxg6 hxg6 22. Nf3 f5 23. g5 f4 24. Nxh4 fxe3 25. fxe3 Qxg5+ 26. Ng2 Nb4 27. Rf1 Rd6 28. Rad1 Qd8 29. Ne1 Qd7 30. Qg2 Qxa4 31. Nf3 Nxd3 32. Ng5 Qxc4 33. b3 Qc5 34. Qe4 Red8 35. Kh1 Nf2+ 36. Rxf2 Rxd1+ 37. Kg2 Qc6 0-1

[Event "Titled Tuesday intern op 12th Dec Early"]
[Site "Chess.com INT"]
[Date "2023.12.12"]
[Round "7"]
[White "Daneshvar, Bardiya"]
[Black "Klimchuk, Andriy"]
[Result "0-1"]
[WhiteElo "2591"]
[BlackElo "2405"]
[PlyCount "68"]
[EventDate "2023.12.12"]
[EventType "swiss (blitz)"]
[EventRounds "11"]
[EventCountry "USA"]
[SourceTitle "CB51_2023"]
[SourceDate "2023.12.20"]
[SourceVersion "1"]
[SourceVersionDate "2023.12.20"]
[SourceQuality "1"]

1. Nf3 c5 2. c4 g6 3. Nc3 Bg7 4. g3 Nf6 5. Bg2 0-0 6. 0-0 Nc6 7. d4 cxd4 8. Nxd4 Nxd4 9. Qxd4 d6 10. Qd3 Bf5 11. e4 Be6 12. Be3 Qa5 13. Bd4 Rfc8 14. b3 a6 15. h3 Rab8 16. a4 Nd7 17. Ne2 Nc5 18. Qe3 Qb4 19. Bxg7 Kxg7 20. Nd4 a5 21. f4 Bd7 22. e5 Bc6 23. exd6 exd6 24. f5 Bxg2 25. Kxg2 Re8 26. f6+ Kh8 27. Qh6 Rg8 28. Nf3 g5 29. Rf2 Rg6 30. Qh5 Ne4 31. Nxg5 Rxg5 32. Qxf7 Rxg3+ 33. Kh2 Rbg8 34. Re2 Rxh3+ 0-1

[Event "Titled Tuesday intern op 12th Dec Early"]
[Site "Chess.com INT"]
[Date "2023.12.12"]
[Round "2"]
[White "Manukyan, Sargis A"]
[Black "Daneshvar, Bardiya"]
[Result "0-1"]
[WhiteElo "2216"]
[BlackElo "2591"]
[PlyCount "64"]
[EventDate "2023.12.12"]
[EventType "swiss (blitz)"]
[EventRounds "11"]
[EventCountry "USA"]
[SourceTitle "CB51_2023"]
[SourceDate "2023.12.20"]
[SourceVersion "1"]
[SourceVersionDate "2023.12.20"]
[SourceQuality "1"]

1. d4 Nf6 2. c4 c5 3. d5 b5 4. cxb5 a6 5. bxa6 g6 6. Nc3 Bg7 7. Nf3 0-0 8. g3 d6 9. Bg2 Nxa6 10. 0-0 Bf5 11. Nd2 Nb4 12. Nc4 Nc2 13. e4 Nxe4 14. Nxe4 Nxa1 15. Bg5 Bxe4 16. Bxe4 Rxa2 17. Qb1 Ra7 18. Qd3 Qb8 19. h4 Nb3 20. h5 Nd4 21. Kg2 Qb3 22. Qxb3 Nxb3 23. h6 Bd4 24. Re1 Rb8 25. Bf3 Kf8 26. Re2 Rb4 27. Ne3 Nc1 28. Re1 Nd3 29. Re2 Rxb2 30. Nc2 Rxc2 31. Rxc2 Ne1+ 32. Kh3 Nxc2 0-1

[Event "KAZ Cup Final"]
[Site "Almaty"]
[Date "2023.12.04"]
[Round "4.1"]
[White "Daneshvar, Bardiya"]
[Black "Petrosyan, Manuel"]
[Result "0-1"]
[WhiteElo "2591"]
[BlackElo "2604"]
[PlyCount "70"]
[EventDate "2023.11.28"]
[EventType "k.o."]
[EventRounds "4"]
[EventCountry "KAZ"]
[SourceTitle "CB49_2023"]
[SourceDate "2023.12.06"]
[SourceVersion "1"]
[SourceVersionDate "2023.12.06"]
[SourceQuality "1"]

1. Nf3 d5 2. g3 Nf6 3. Bg2 e6 4. 0-0 Be7 5. d4 0-0 6. Nbd2 b6 7. c4 Bb7 8. cxd5 exd5 9. b3 Nbd7 10. Bb2 Re8 11. Ne5 c5 12. Rc1 Rc8 13. e3 cxd4 14. Bxd4 Nxe5 15. Bxe5 Ba6 16. Rxc8 Qxc8 17. Re1 Qf5 18. Bb2 Bb4 19. a3 Bxd2 20. Qxd2 Ne4 21. g4 Qxg4 22. Qxd5 Nxf2 23. Qd4 Nh3+ 24. Kh1 Nf4 25. Bc6 Bb5 26. Bb7 Qg5 27. Ba1 Nh3 28. Qd2 Qh4 29. Bg2 Nf2+ 30. Kg1 Ne4 31. Qc1 h5 32. Rd1 Be2 33. Qb2 Qf2+ 34. Kh1 f6 35. Rb1 Bd3 0-1

[Event "KAZ Cup Final"]
[Site "Almaty"]
[Date "2023.12.03"]
[Round "3.2"]
[White "Daneshvar, Bardiya"]
[Black "Kazhgaleyev, Murtas"]
[Result "1-0"]
[WhiteElo "2591"]
[BlackElo "2490"]
[PlyCount "47"]
[EventDate "2023.11.28"]
[EventType "k.o."]
[EventRounds "4"]
[EventCountry "KAZ"]
[SourceTitle "CB49_2023"]
[SourceDate "2023.12.06"]
[SourceVersion "1"]
[SourceVersionDate "2023.12.06"]
[SourceQuality "1"]

1. d4 g6 2. c4 Bg7 3. Nf3 e6 4. Nc3 Ne7 5. Bf4 a6 6. Qd2 h6 7. h4 d6 8. e4 b6 9. Bd3 Bb7 10. Bc2 Nd7 11. a3 Nf6 12. Qe2 0-0 13. 0-0-0 b5 14. e5 Ng4 15. Nd2 h5 16. f3 Nc6 17. fxg4 Nxd4 18. Qe3 c5 19. gxh5 gxh5 20. Bg5 f6 21. exf6 Bxf6 22. Rh3 Bxg5 23. Rg3 Kh8 24. Rxg5 1-0

[Event "KAZ Cup Final"]
[Site "Almaty"]
[Date "2023.11.29"]
[Round "1.3"]
[White "Isanzhulov, Arystan"]
[Black "Daneshvar, Bardiya"]
[Result "1-0"]
[WhiteElo "2439"]
[BlackElo "2591"]
[PlyCount "71"]
[EventDate "2023.11.28"]
[EventType "k.o."]
[EventRounds "4"]
[EventCountry "KAZ"]
[SourceTitle "CB49_2023"]
[SourceDate "2023.12.06"]
[SourceVersion "1"]
[SourceVersionDate "2023.12.06"]
[SourceQuality "1"]

1. e4 c6 2. Nf3 d5 3. Nc3 dxe4 4. Nxe4 Nf6 5. Qe2 Na6 6. d3 Nc7 7. g3 Bg4 8. Nxf6+ gxf6 9. Bg2 e6 10. 0-0 h5 11. Re1 Qd7 12. h3 Bxf3 13. Qxf3 Bg7 14. h4 0-0-0 15. Be3 Kb8 16. a4 f5 17. Rab1 Bd4 18. Bf4 Ka8 19. b4 Nd5 20. b5 Bc3 21. Red1 c5 22. Bd2 Qc7 23. b6 axb6 24. a5 Bxd2 25. axb6 Qe5 26. Rxd2 Qc3 27. Qe2 Kb8 28. Rb3 Qd4 29. Qf3 Rd7 30. Qd1 f4 31. c3 Nxc3 32. Rxc3 Qxc3 33. Qa4 Rd5 34. Ra2 Qe1+ 35. Kh2 fxg3+ 36. fxg3 1-0

[Event "KAZ Cup Final"]
[Site "Almaty"]
[Date "2023.11.29"]
[Round "1.5"]
[White "Isanzhulov, Arystan"]
[Black "Daneshvar, Bardiya"]
[Result "1-0"]
[WhiteElo "2439"]
[BlackElo "2591"]
[PlyCount "117"]
[EventDate "2023.11.28"]
[EventType "k.o."]
[EventRounds "4"]
[EventCountry "KAZ"]
[SourceTitle "CB49_2023"]
[SourceDate "2023.12.06"]
[SourceVersion "1"]
[SourceVersionDate "2023.12.06"]
[SourceQuality "1"]

1. e4 e5 2. Nf3 Nc6 3. Nc3 Nf6 4. g3 Bc5 5. Bg2 d6 6. d3 a5 7. 0-0 0-0 8. Be3 Bxe3 9. fxe3 Ne7 10. Nh4 Ng6 11. Nf5 c6 12. Qd2 d5 13. Qf2 dxe4 14. Nxe4 Bxf5 15. Qxf5 Nd5 16. Rae1 Qb6 17. c4 Nde7 18. Qh5 f5 19. Nd6 Qxb2 20. Nxf5 Nxf5 21. Rxf5 Qd2 22. Rxf8+ Rxf8 23. Qe2 Qxe2 24. Rxe2 Rd8 25. Be4 Nf8 26. Rb2 Rd7 27. Rb3 Ne6 28. Ra3 Nc5 29. Bf5 Rd8 30. Rxa5 Nxd3 31. Kg2 Kf7 32. h4 g6 33. Be4 Ke6 34. h5 gxh5 35. Bxh7 Nb2 36. Ra7 Rd7 37. Bg8+ Kd6 38. Ra8 Kc5 39. Re8 Nxc4 40. Bxc4 Kxc4 41. Rxe5 b5 42. Rxh5 Rd2+ 43. Kf3 Rxa2 44. g4 b4 45. g5 b3 46. g6 b2 47. g7 Ra8 48. Rh1 Rg8 49. Rg1 Rxg7 50. Rxg7 b1Q 51. Rg4+ Kd5 52. Rd4+ Ke5 53. Kf2 c5 54. Rf4 Qd3 55. Rh4 c4 56. Rd4 Qc2+ 57. Kf3 c3 58. Rc4 Qd1+ 59. Kf2 1-0

[Event "Titled Tuesday intern op 14th Nov Early"]
[Site "Chess.com INT"]
[Date "2023.11.14"]
[Round "6"]
[White "Daneshvar, Bardiya"]
[Black "Andreikin, Dmitry"]
[Result "1/2-1/2"]
[WhiteElo "2591"]
[BlackElo "2729"]
[PlyCount "104"]
[EventDate "2023.11.14"]
[EventType "swiss (blitz)"]
[EventRounds "11"]
[EventCountry "USA"]
[SourceTitle "CB47_2023"]
[SourceDate "2023.11.22"]
[SourceVersion "1"]
[SourceVersionDate "2023.11.22"]
[SourceQuality "1"]

1. d4 Nf6 2. c4 e6 3. Nf3 d5 4. Nc3 a6 5. cxd5 exd5 6. Bg5 Be6 7. e3 Nbd7 8. Bd3 h6 9. Bf4 g5 10. Bg3 Nh5 11. Be5 Nhf6 12. Bg3 Nh5 13. Qc2 Nxg3 14. hxg3 c6 15. 0-0-0 Bg7 16. Kb1 Nb6 17. Bf5 Qd7 18. g4 0-0-0 19. Ne2 Kb8 20. Nd2 Rc8 21. Nb3 Na4 22. Rd2 Rc7 23. Ng3 Rhc8 24. Nc5 Nxc5 25. Qxc5 Bf8 26. Qb6 c5 27. dxc5 Bxc5 28. Qb3 Bd6 29. Bxe6 fxe6 30. Ne2 Qh7+ 31. Qd3 Qxd3+ 32. Rxd3 Rc2 33. Nc3 Rxf2 34. Rxh6 Re8 35. a3 Rxg2 36. Rg6 Rxg4 37. Nxd5 Be5 38. Nb6 Ka7 39. Nd7 Bh8 40. Nc5 Rc8 41. Nxe6 Rg2 42. Nd4 Bxd4 43. exd4 Rd8 44. d5 g4 45. d6 g3 46. Rgxg3 Rxg3 47. Rxg3 Rxd6 48. Ka2 Rc6 49. Rh3 Rb6 50. Rg3 Rc6 51. Rg2 Rb6 52. Rg3 Rc6 1/2-1/2